| 000 | 00540nam a22001817a 4500 | ||
|---|---|---|---|
| 020 | _a9780702081804 | ||
| 082 |
_a618.92 _bILL |
||
| 100 |
_aLissauer, Tom; Carroll, Will _9113929 |
||
| 245 |
_aIllustrated Textbook of Paediatrics / _cTom Lissauer; Will Carroll |
||
| 250 | _a6th Edition. | ||
| 260 |
_aPoland : _bElsevier, _c2022. |
||
| 300 |
_a566 p. ; _bill, _c28 cm. |
||
| 563 | _aPBK. | ||
| 650 |
_aPediatrics _9113391 |
||
| 650 |
_aChildren--Diseases _9113403 |
||
| 650 |
_aChildren--Health and hygiene _9113404 |
||
| 942 |
_2ddc _cBK |
||
| 999 |
_c595242 _d595242 |
||